Compendium of all India Sales Tax acts 1987 (Record no. 29220)

MARC details
000 -LEADER
fixed length control field 00352nam a2200133Ia 4500
082 ## - DEWEY DECIMAL CLASSIFICATION NUMBER
Classification number 34:336.271.1
Item number JAI
100 ## - MAIN ENTRY--AUTHOR NAME
Personal name JAIN, S K
245 #0 - TITLE STATEMENT
Title Compendium of all India Sales Tax acts 1987
260 ## - PUBLICATION, DISTRIBUTION, ETC. (IMPRINT)
Place of publication Delhi
Name of publisher Finance Budget
Year of publication 1987
650 ## - SUBJECT ADDED ENTRY--TOPICAL TERM
Topical Term Sales tax act
700 ## - ADDED ENTRY--PERSONAL NAME
Personal name RAJNEESH JAIN
942 ## - ADDED ENTRY ELEMENTS (KOHA)
Koha item type Books
Holdings
Withdrawn status Lost status Damaged status Not for loan Home library Current library Date acquired Full call number Accession Number Koha item type
        RRII Library RRII Library 16/12/2021 34:336.271.1 JAI 09810 Books